[Event "Torino 150 Italy Unity op B"]
[Site "Torino"]
[Date "2011.06.05"]
[Round "9"]
[White "Turini, Gianluca"]
[Black "Figari, Andrea"]
[Result "0-1"]
[WhiteElo "1809"]
[BlackElo "1841"]
[PlyCount "70"]
[EventDate "2011.05.31"]
[EventType "swiss"]
[EventRounds "9"]
[EventCountry "ITA"]
[SourceTitle "EXT 2024"]
[Source "ChessBase"]
[SourceDate "2023.10.10"]
[SourceVersion "1"]
[SourceVersionDate "2023.10.10"]
[SourceQuality "1"]

1. d4 d5 2. c4 c6 3. Nf3 Nf6 4. Nc3 e6 5. Bg5 Be7 6. e3 Nbd7 7. cxd5 exd5 8. Bd3 0-0 9. 0-0 h6 10. Bh4 Nh7 11. Bg3 Ndf6 12. h3 Be6 13. a3 Qc8 14. Qc2 g6 15. Ne2 Ng5 16. Nxg5 hxg5 17. f3 Kg7 18. Kf2 Qd7 19. Be5 Rh8 20. Rh1 Rh7 21. g4 Rah8 22. Kg2 Bd6 23. Bxd6 Qxd6 24. Nc3 Nxg4 25. fxg4 Bxg4 26. Qf2 Rxh3 27. Rxh3 Rxh3 28. Rh1 Rf3 29. Qe1 Qe6 30. Nd1 Bh3+ 31. Kh2 Qd6+ 32. Kg1 Rg3+ 33. Kf2 Rg2+ 34. Kf1 Qf6+ 35. Nf2 Rxf2+ 0-1

[Event "Torino 150 Italy Unity op B"]
[Site "Torino"]
[Date "2011.06.03"]
[Round "5"]
[White "Figari, Andrea"]
[Black "Guerra, Mirko"]
[Result "1-0"]
[WhiteElo "1841"]
[BlackElo "1674"]
[PlyCount "89"]
[EventDate "2011.05.31"]
[EventType "swiss"]
[EventRounds "9"]
[EventCountry "ITA"]
[SourceTitle "EXT 2024"]
[Source "ChessBase"]
[SourceDate "2023.10.10"]
[SourceVersion "1"]
[SourceVersionDate "2023.10.10"]
[SourceQuality "1"]

1. e4 c5 2. Nf3 e6 3. Nc3 Nc6 4. Be2 d6 5. d3 Nf6 6. Bd2 Be7 7. 0-0 0-0 8. Re1 Re8 9. Bf1 a6 10. Ne2 e5 11. Ng3 Bg4 12. Be2 Qd7 13. h3 Be6 14. c3 h6 15. Qc1 Bf8 16. Kh2 d5 17. Nh4 dxe4 18. dxe4 Ne7 19. Rd1 Qc8 20. Nf3 Ng6 21. h4 Ng4+ 22. Kg1 c4 23. h5 Bc5 24. Rf1 Ne7 25. Nh4 Kh7 26. Qc2 g6 27. hxg6+ fxg6 28. Qc1 Rf8 29. Bxg4 Bxg4 30. Bxh6 Rf7 31. Qg5 Qe6 32. Qd2 Qf6 33. Bg5 Qe6 34. Kh2 Rh8 35. f3 Bh5 36. Nxh5 gxh5 37. Rad1 Ng6 38. Qd5 Nf4 39. Bxf4 Qxd5 40. Rxd5 Rxf4 41. g3 Rxh4+ 42. gxh4 Be3 43. Rd7+ Kh6 44. Rfd1 Bf4+ 45. Kh3 1-0

[Event "Turin Piemonte op 8th"]
[Site "Turin"]
[Date "2008.09.19"]
[Round "1"]
[White "Birens, Eric Andre"]
[Black "Figari, Andrea"]
[Result "1-0"]
[WhiteElo "2054"]
[BlackElo "1581"]
[PlyCount "52"]
[EventDate "2008.09.19"]
[EventType "swiss"]
[EventRounds "6"]
[EventCountry "ITA"]
[SourceTitle "EXT 2011"]
[Source "ChessBase"]
[SourceDate "2010.11.26"]
[SourceVersion "1"]
[SourceVersionDate "2010.11.26"]
[SourceQuality "1"]

1. d4 d5 2. c4 c6 3. Nf3 Nf6 4. Nc3 e6 5. cxd5 cxd5 6. Bf4 Be7 7. e3 0-0 8. Bd3 Nc6 9. Rc1 a6 10. 0-0 Nh5 11. Bg3 Nxg3 12. fxg3 f5 13. Ne2 Bd7 14. Ne5 Nxe5 15. dxe5 Rc8 16. Qb3 Rxc1 17. Rxc1 Qb8 18. h4 Rc8 19. Rc3 Bc5 20. Bxf5 g6 21. Bg4 Ba7 22. Bf3 Rxc3 23. Qxc3 Qc8 24. Qxc8+ Bxc8 25. Nd4 Kf7 26. g4 h6 1-0

[Event "Turin FreeTUR op"]
[Site "Turin"]
[Date "2007.12.04"]
[Round "5"]
[White "Figari, Andrea"]
[Black "Di Stefano, Salvatore"]
[Result "1-0"]
[WhiteElo "1563"]
[BlackElo "1404"]
[PlyCount "72"]
[EventDate "2007.11.06"]
[EventType "swiss"]
[EventRounds "6"]
[EventCountry "ITA"]
[SourceTitle "EXT 2010"]
[Source "ChessBase"]
[SourceDate "2010.11.25"]
[SourceVersion "1"]
[SourceVersionDate "2010.11.25"]
[SourceQuality "1"]

1. e4 e5 2. Nf3 Nc6 3. Bc4 Nf6 4. Nc3 Bb4 5. a3 Bxc3 6. dxc3 d6 7. 0-0 Bg4 8. h3 Bh5 9. Re1 Qd7 10. Qd3 h6 11. Nh4 0-0-0 12. Bb5 d5 13. exd5 Qxd5 14. Qxd5 Rxd5 15. Bxc6 bxc6 16. Nf5 Kd8 17. Ne3 Rc5 18. c4 e4 19. Bd2 Kc8 20. Bc3 Rd8 21. g4 Rg5 22. Kh2 Nxg4+ 23. hxg4 Bxg4 24. Nxg4 Rxg4 25. Re3 Rd6 26. Rg3 Rf4 27. Kg2 Rg6 28. Rxg6 fxg6 29. Bxg7 Rg4+ 30. Kf1 Rh4 31. Ke2 e3 32. fxe3 Rxc4 33. Kd3 Rh4 34. Rf1 h5 35. Rg1 Rh3 36. Rxg6 h4 1-0